Risultati Serie A 2023-2024 - 8ª giornata - Statistics

Statistiche generali
  • Questo quiz è stato fatto 9 volte
  • Il punteggio medio è 6 su 10
Statistiche sulle risposte
Hint Risposta % Corretto
Genoa-Milan 0-1
100%
Napoli-Fiorentina 1-3
86%
Inter-Bologna 2-2
86%
Empoli-Udinese 0-0
57%
Cagliari-Roma 1-4
57%
Juventus-Torino 2-0
57%
Frosinone-Verona 2-1
57%
Lecce-Sassuolo 1-1
43%
Lazio-Atalanta 3-2
43%
Monza-Salernitana 3-0
29%
Nessun quiz corrispondente trovato
Distribuzione punteggi
Percentuale di utenti per punteggio
Percentile per numero di risposta
I tuoi punteggi nel tempo
Non hai fatto questo quiz